| 000 | 00580cam a2200217 a 4500 | ||
|---|---|---|---|
| 001 | 461940 | ||
| 005 | 20180201073313.0 | ||
| 008 | 830830s1984 nyuaf b 001 0 eng | ||
| 010 | _a 83018778 | ||
| 020 |
_a0070327602 : _c$33.95 (est.) |
||
| 040 |
_aDLC _cDLC _dDLC |
||
| 041 | _aeng | ||
| 080 | _a546 JOL | ||
| 082 | 0 | 0 |
_a546 JOL _219 |
| 100 | 1 | _a12 | |
| 101 | _aKIM | ||
| 245 | 1 | 0 |
_aModern inorganic chemistry / _cWilliam L. Jolly. |
| 504 | _aIncludes bibliographical references and indexes. | ||
| 906 |
_a7 _bcbc _corignew _d1 _eocip _f19 _gy-gencatlg |
||
| 942 |
_2ddc _cBK |
||
| 999 |
_c41536 _d41536 |
||